Taylor Swifts albums - Statistics

General Stats
  • This quiz has been taken 54 times
  • The average score is 10 of 11
Answer Stats
Year Album % Correct
2008 Fearless
97%
2012 Red
97%
2006 Taylor Swift
97%
2020 Evermore
95%
2020 Folklore
95%
2017 Reputation
95%
2014 1989
92%
2019 Lover
92%
2010 Speak Now
92%
2024 The Tortured Poets Department
92%
2022 Midnights
89%
No matching quizzes found
Score Distribution
Percent of People with Each Score
Percentile by Number Answered
Your Score History
You have not taken this quiz